Seed - Science & technology : - Training - research in the Mekong Delta

保存先:
書誌詳細
フォーマット: 図書
言語:Undetermined
出版事項: Cần Thơ Can tho University
主題:
タグ: タグ追加
タグなし, このレコードへの初めてのタグを付けませんか!
Thư viện lưu trữ: Trung tâm Học liệu Trường Đại học Cần Thơ
LEADER 00448nam a2200145Ia 4500
001 CTU_38791
008 210402s9999 xx 000 0 und d
082 |a 635.04 
082 |b S451 
245 0 |a Seed - Science & technology : - Training - research in the Mekong Delta 
260 |a Cần Thơ 
260 |b Can tho University 
650 |a seed,sees-training 
904 |i Liên, 990910 
980 |a Trung tâm Học liệu Trường Đại học Cần Thơ